[Event "47th Hoogovens it"]
[Site "Wijk aan Zee NED"]
[Date "1985.01.19"]
[Round "2"]
[White "Georgiev, Kiril"]
[Black "Ligterink, Gert"]
[Result "1-0"]
[WhiteElo "2535"]
[BlackElo "2450"]
[EventDate "1985.01.18"]
[PlyCount "57"]

1. d4 Nf6 2. c4 e6 3. Nc3 Bb4 4. e3 O-O 5. Nge2 d5 6. a3 Be7 7. cxd5 exd5 8. b4 c6 9. Ng3 Be6 10. Bd3 a5 11. b5 c5 12. dxc5 Nbd7 13. c6 bxc6 14. bxc6 Ne5 15. O-O Nxc6 16. Nb5 Ne5 17. Nf5 Bxf5 18. Bxf5 Ne4 19. Bb2 Nc4 20. Bd4 Ned6 21. Nxd6 Bxd6 22. Qh5 h6 23. f4 Be7 24. Rf3 Bf6 25. Rg3 Kh8 26. Bd3 Nxe3 27. Bxe3 Bxa1 28. Rxg7 Qf6 29. Rh7+ 1-0

[Event "47th Hoogovens it"]
[Site "Wijk aan Zee NED"]
[Date "1985.01.22"]
[Round "4"]
[White "Portisch, Lajos"]
[Black "Ftacnik, Lubomir"]
[Result "1-0"]
[WhiteElo "2635"]
[BlackElo "2545"]
[EventDate "1985.01.18"]
[PlyCount "143"]

1. d4 Nf6 2. c4 g6 3. Nc3 d5 4. cxd5 Nxd5 5. e4 Nxc3 6. bxc3 Bg7 7. Bc4 c5 8. Ne2 O-O 9. O-O Nc6 10. Be3 b6 11. dxc5 Qc7 12. Nd4 Ne5 13. Be2 Bb7 14. cxb6 axb6 15. Nb5 Qc6 16. f3 Nc4 17. Bxc4 Qxc4 18. Qb3 Qd3 19. Bxb6 Ba6 20. a4 Bxb5 21. Qxb5 Qxb5 22. axb5 Rab8 23. Ra6 Bxc3 24. Rd1 Rb7 25. Rd3 Bg7 26. Rd5 e6 27. Rd1 Rc8 28. Kf1 h5 29. Ke2 Rc2+ 30. Rd2 Rc4 31. Be3 Rxb5 32. Ra8+ Kh7 33. Ra7 Rb2 34. Rxf7 Rxd2+ 35. Bxd2 Kg8 36. Re7 Rc6 37. f4 Ra6 38. e5 Bf8 39. Rd7 Ra2 40. Rb7 Ra6 41. Be3 Ra2+ 42. Kf3 Ra3 43. Rb5 Rc3 44. h3 Ba3 45. Ke4 Bc1 46. Bd4 Rc2 47. Rb8+ Kf7 48. Rb7+ Kf8 49. g4 hxg4 50. hxg4 Rc4 51. f5 gxf5+ 52. gxf5 exf5+ 53. Kd5 Rc8 54. e6 Ba3 55. Bf6 f4 56. Rh7 Ke8 57. Rh8+ Bf8 58. Bg7 Ke7 59. Bh6 Bxh6 60. Rxc8 f3 61. Rc7+ Ke8 62. Rf7 Bd2 63. Rxf3 Ke7 64. Rf7+ Ke8 65. Rb7 Be1 66. Ke5 Bg3+ 67. Kf5 Bh4 68. Rb4 Be1 69. Re4 Bf2 70. e7 Bc5 71. Ke6 Bxe7 72. Ra4 1-0

[Event "47th Hoogovens it"]
[Site "Wijk aan Zee NED"]
[Date "1985.01.25"]
[Round "6"]
[White "Portisch, Lajos"]
[Black "Kortschnoj, Viktor"]
[Result "1-0"]
[WhiteElo "2635"]
[BlackElo "2630"]
[EventDate "1985.01.18"]
[PlyCount "79"]

1. d4 Nf6 2. c4 e6 3. Nf3 b6 4. g3 Bb4+ 5. Bd2 a5 6. Bg2 Ba6 7. Bxb4 axb4 8. Ne5 c6 9. Qb3 O-O 10. Qxb4 Qc7 11. Qc3 d6 12. Nd3 d5 13. cxd5 Nxd5 14. Bxd5 exd5 15. O-O Ra7 16. Nd2 Qd6 17. Qb4 Qd8 18. Nf3 Re7 19. Qd2 Rfe8 20. e3 c5 21. Rfc1 c4 22. Nb4 Bb7 23. b3 Nd7 24. bxc4 dxc4 25. d5 Re4 26. Qd1 b5 27. Nd2 R4e5 28. Nf3 Re4 29. a4 c3 30. Nc6 Qf6 31. axb5 Nb6 32. d6 Bc8 33. Ne7+ R4xe7 34. dxe7 Bg4 35. Kg2 Nc4 36. Qd5 Nd2 37. Nd4 Qxe7 38. Rxc3 Ne4 39. Rca3 Qf6 40. Qxe4 1-0

[Event "47th Hoogovens it"]
[Site "Wijk aan Zee NED"]
[Date "1985.01.26"]
[Round "7"]
[White "Kudrin, Sergey"]
[Black "Lobron, Eric"]
[Result "1/2-1/2"]
[WhiteElo "2485"]
[BlackElo "2505"]
[EventDate "1985.01.18"]
[PlyCount "125"]

1. e4 c6 2. Nc3 d5 3. Nf3 Bg4 4. h3 Bh5 5. exd5 cxd5 6. Bb5+ Nc6 7. g4 Bg6 8. Ne5 Rc8 9. d4 e6 10. Qe2 Bb4 11. h4 Nge7 12. h5 Be4 13. f3 O-O 14. Nxc6 Nxc6 15. Be3 Qf6 16. fxe4 Nxd4 17. Bxd4 Qxd4 18. Rd1 Bxc3+ 19. bxc3 Qxc3+ 20. Kf1 dxe4 21. Qxe4 Qxc2 22. Qxc2 Rxc2 23. a4 Ra2 24. Rd7 Rc8 25. Be2 Rxa4 26. Rxb7 Ra1+ 27. Kg2 Rxh1 28. Kxh1 Kf8 29. Rxa7 h6 30. Kg2 Rc5 31. Kg3 Re5 32. Bf3 Rc5 33. Be4 Rb5 34. Kf4 Rc5 35. Bd3 Rd5 36. Bh7 Rb5 37. Bc2 Rc5 38. Bb1 Rb5 39. Bh7 Rb4+ 40. Be4 Rb5 41. Bc6 Rc5 42. Ra8+ Ke7 43. Ra7+ Kf8 44. Ba4 Rd5 45. Bc2 Rc5 46. Bh7 Rc4+ 47. Kg3 Rc3+ 48. Kh4 Rc8 49. Kg3 Rc3+ 50. Kf2 Rc4 51. Kf3 Rc3+ 52. Ke2 Rb3 53. Ra8+ Ke7 54. Bg8 Rb7 55. Bh7 Kf6 56. Be4 Rb2+ 57. Kf3 Rb3+ 58. Kf2 Rb2+ 59. Kg3 Rb3+ 60. Bf3 Rb4 61. Ra7 Rc4 62. Bd1 Rd4 63. Be2 1/2-1/2

[Event "47th Hoogovens it"]
[Site "Wijk aan Zee NED"]
[Date "1985.01.31"]
[Round "11"]
[White "Beliavsky, Alexander"]
[Black "Romanishin, Oleg"]
[Result "1-0"]
[WhiteElo "2635"]
[BlackElo "2570"]
[EventDate "1985.01.18"]
[PlyCount "81"]

1. d4 Nf6 2. c4 e6 3. Nf3 c5 4. d5 exd5 5. cxd5 d6 6. Nc3 g6 7. e4 Bg7 8. Be2 O-O 9. O-O a6 10. a4 Bg4 11. Bf4 Nh5 12. Bg5 Bf6 13. Be3 Bxf3 14. Bxf3 Ng7 15. Bg4 Re8 16. Qc2 Nd7 17. a5 Ne5 18. Be2 Rb8 19. Nb1 h5 20. Nd2 Ng4 21. Bxg4 hxg4 22. Nc4 Qe7 23. f3 gxf3 24. gxf3 Nh5 25. Rae1 Bg7 26. Qg2 Rbd8 27. Kh1 Kh7 28. Bg5 f6 29. Bd2 Qf7 30. Qh3 Rg8 31. Rg1 Bf8 32. Rg2 f5 33. exf5 Qxf5 34. Qxf5 gxf5 35. Bg5 Rd7 36. Re6 Rg6 37. f4 Ng7 38. Re3 Kg8 39. Rge2 Kf7 40. Nb6 Rc7 41. Bd8 1-0

[Event "47th Hoogovens it"]
[Site "Wijk aan Zee NED"]
[Date "1985.02.03"]
[Round "13"]
[White "Beliavsky, Alexander"]
[Black "Kudrin, Sergey"]
[Result "1-0"]
[WhiteElo "2635"]
[BlackElo "2485"]
[EventDate "1985.01.18"]
[PlyCount "63"]

1. d4 Nf6 2. c4 e6 3. Nf3 c5 4. d5 exd5 5. cxd5 g6 6. Nc3 d6 7. e4 Bg7 8. Be2 O-O 9. O-O Bg4 10. Bg5 h6 11. Bf4 a6 12. a4 Nh5 13. Be3 Nd7 14. a5 Bxf3 15. Bxf3 Nhf6 16. Be2 Re8 17. f3 Nh5 18. Qd2 Qh4 19. Rf2 Kh7 20. g4 Nhf6 21. Rg2 Ng8 22. g5 Be5 23. Nd1 hxg5 24. Bxg5 Qh3 25. Nf2 Bd4 26. Kh1 Bxf2 27. Rxf2 f6 28. Be3 Ne5 29. Rg1 g5 30. f4 gxf4 31. Rxf4 Nh6 32. Rg3 1-0

[Event "47th Hoogovens it"]
[Site "Wijk aan Zee NED"]
[Date "1985.02.03"]
[Round "13"]
[White "Portisch, Lajos"]
[Black "Ligterink, Gert"]
[Result "1-0"]
[WhiteElo "2635"]
[BlackElo "2450"]
[EventDate "1985.01.18"]
[PlyCount "57"]

1. c4 c5 2. Nf3 Nf6 3. Nc3 Nc6 4. e3 e6 5. d4 d5 6. cxd5 exd5 7. Bb5 Bd6 8. dxc5 Bxc5 9. O-O O-O 10. b3 Bg4 11. Bb2 a6 12. Be2 Ba7 13. Rc1 Qd6 14. h3 Be6 15. Bd3 Rad8 16. Ne2 Ne4 17. Ned4 Ne5 18. Nxe5 Qxe5 19. Nc6 Qxb2 20. Nxd8 Rxd8 21. Bxe4 Qxa2 22. Bxd5 Qa5 23. e4 g6 24. Rc2 Bb8 25. Rd2 Be5 26. Rd3 Qb5 27. Bc4 Rxd3 28. Qxd3 Bxc4 29. bxc4 1-0